| 000 | 00512 a2200157 4500 | ||
|---|---|---|---|
| 005 | 20250612125422.0 | ||
| 020 | _a978-0-07-321055-1 | ||
| 082 | _aLECT 658.3 LUS | ||
| 100 | _aLUSSIER, R. N. | ||
| 245 | _aHuman Relations in Organizations: Applications and Skill Building. | ||
| 250 | _a7th Ed. | ||
| 260 |
_aNew York, _bMcGraw-Hill, _c2008. |
||
| 300 |
_axx, 678p.: ill.; figure, table _bIndex, _c27cm. |
||
| 856 |
_yAccess Online Book _fHuman Relations in Organizations _dwww.mhhe.com/lussier7e |
||
| 942 |
_2ddc _cBKS |
||
| 999 |
_c3607 _d3607 |
||